Farmer's knowledge on agricultural machineries usage at kampong cham province; កម្រិតយល់ដឹងរបស់កិសករទៅល់ការប្រើប្រាស់គ្រឿងយន្តកសិកម្ម នៅខេត្តកំពង់ចាម (Record no. 9384)

000 -LEADER
fixed length control field 00695nam a22001577a 4500
003 - CONTROL NUMBER IDENTIFIER
control field OSt
005 - DATE AND TIME OF LATEST TRANSACTION
control field 20160831161521.0
008 - FIXED-LENGTH DATA ELEMENTS--GENERAL INFORMATION
fixed length control field 160831b xxu||||| |||| 00| 0 eng d
040 ## - CATALOGING SOURCE
Transcribing agency RUA
082 ## - DEWEY DECIMAL CLASSIFICATION NUMBER
Classification number AGE SUN 2014 B515 Or.
100 ## - MAIN ENTRY--PERSONAL NAME
9 (RLIN) 9743
Personal name SUN SUNTHEARA; ស៊ុន សុគន្ធារ៉ា
245 ## - TITLE STATEMENT
Title Farmer's knowledge on agricultural machineries usage at kampong cham province; កម្រិតយល់ដឹងរបស់កិសករទៅល់ការប្រើប្រាស់គ្រឿងយន្តកសិកម្ម នៅខេត្តកំពង់ចាម
260 ## - PUBLICATION, DISTRIBUTION, ETC. (IMPRINT)
Place of publication, distribution, etc. RUA
Name of publisher, distributor, etc. Phnom Penh
Date of publication, distribution, etc. 2014
300 ## - PHYSICAL DESCRIPTION
Extent x; 47p.
Other physical details ill.
Dimensions 29cm.
942 ## - ADDED ENTRY ELEMENTS (KOHA)
Source of classification or shelving scheme
Koha item type AGE
Holdings
Price effective from Date last seen Permanent Location Not for loan Date acquired Date last checked out Source of classification or shelving scheme Koha item type Total Checkouts Barcode Lost status Damaged status Withdrawn status Current Location Full call number
2016-08-312018-07-31Library Block B 2016-08-312018-07-25 AGE2RUA062169   Library Block BAGE SUN 2014 B515 Or.1
2016-08-312016-08-31Library Block B 2016-08-31  AGE RUA061891   Library Block BAGE SUN 2014 B515 Or.2
2016-08-312016-08-31Library Block B 2016-08-31  AGE RUA062116   Library Block BAGE SUN 2014 B515 Or.3
2016-08-312016-08-31Library Block B 2016-08-31  AGE RUA062176   Library Block BAGE SUN 2014 B515 Or.4
2016-08-312016-08-31Library Block B 2016-08-31  AGE RUA061719   Library Block BAGE SUN 2014 B515 Or.5
2016-08-312016-08-31Library Block B 2016-08-31  AGE RUA062683   Library Block BAGE SUN 2014 B515 Or.6
2016-08-312016-08-31Library Block B 2016-08-31  AGE RUA061894   Library Block BAGE SUN 2014 B515 Or.7
2016-08-312016-08-31Library Block B 2016-08-31  AGE RUA061834   Library Block BAGE SUN 2014 B515 Or.8
មជ្ឈមណ្ឌលឯការនៃសាកលវិទ្យាល័យភូមិន្ទកសិកម្មចំការដូង

Powered by Koha